000 00963cam a22003017a 4500
003 CHAP
005 20220329142254.0
008 000424d1998 mx a r 00110 spa d
010 _a80886
011 _a81858
020 _a9701700929
035 _a92339
040 _cCHAP
082 0 4 _a574
_bG35
100 0 0 _aGama Fuertes, María de los Angeles.
_944550
245 1 0 _aBiología II :
_bnivel bachillerato
_c/por María de los Angeles Gama Fuertes
260 _aMéxico, D.F. :
_bPrentice Hall Hispanoamericana,
_c1998.
300 _a277 p. :
_bilus.
590 _aBATCH-UPD
_b10
_c20130110
_lUCH01
_h0541
590 _aBATCH-UPD
_b10
_c20130410
_lUCH01
_h0222
590 _aBATCH-UPD
_b10
_c20130914
_lUCH01
_h0634
590 _aCONVERSION
_b10
_c20130109
_lUCH01
_h1345
650 1 4 _aBiología.
_912773
901 _aBK
905 _aGuadalupe Pinto C.
942 _cLIBRO
949 _a574 G35
_bBC
_cLIBRO
_d33724000757555
_eLIBRO
_gI. c/e
_h97760
_i92339
_si
_t$95.00
999 _c80886
_d80886